000 00583cam a2200193 4500
001 WB3608-24
008 000000n2000 000 0 eng u
035 _a(Sirsi) u104233
245 4 _aThe costs of bulking up
260 _c2000
490 _aFinancial Times
_v 18 February 2000, 28(1)
520 _aConsiders the implications the drop in share prices of quoted property companies will have for institutional investors.
590 _aWB
650 _aSHARE PRICES
650 _aINSTITUTIONAL INVESTORS
650 _aQUOTED COMPANIES
690 _aINVESTMENT
942 _n0
999 _c62549
_d62549